| 000 | 00356nam a22001457a 4500 | ||
|---|---|---|---|
| 020 | _a81-87223-42-1 | ||
| 082 |
_a574 _bBHA/E |
||
| 100 | _aBHATIA, K.N | ||
| 100 | _aTYAGI, M.P | ||
| 245 |
_aELEMNTARY BIOLOGY _bVOL II |
||
| 250 | _aNEW EDITION 2005-06 | ||
| 260 |
_aJALANDHAR _bTRUMAN BOOK COMPANY _c2005 |
||
| 650 |
_aBIOLOGY REFERENCE _zINDIA |
||
| 942 | _cBK | ||
| 999 |
_c1386 _d1386 |
||